Tự học Redhat Linux trong 24 giờ /

में बचाया:
ग्रंथसूची विवरण
मुख्य लेखक: Trần Thạch Tùng.
अन्य लेखक: Hoàng Đức Hải.
स्वरूप: Sách giấy
भाषा:Vietnamese
प्रकाशित: H. : Thống kê, 2005.
विषय:
टैग : टैग जोड़ें
कोई टैग नहीं, इस रिकॉर्ड को टैग करने वाले पहले व्यक्ति बनें!
Thư viện lưu trữ: Thư viện Trường Đại học Đà Lạt
LEADER 00783nam a2200313 4500
001 DLU110121945
005 ##20110526
040 # # |a DLU  |b vie 
041 # # |a vie 
044 # # |a vn 
082 # # |a 005.43  |b TR-T 
100 # # |a Trần Thạch Tùng. 
245 # # |a Tự học Redhat Linux trong 24 giờ /  |c Trần Thạch Tùng, Hoàng Đức Hải. 
246 # # |a Linux tự học trong 24 giờ. 
260 # # |a H. :  |b Thống kê,  |c 2005. 
300 # # |a 616 tr. :  |b minh hoạ ;  |c 24 cm. 
653 # # |a Linux 
700 # # |a Hoàng Đức Hải. 
923 # # |a 01/2011TN 
991 # # |a GT 
992 # # |a 99000 
994 # # |a KTN 
900 # # |a True 
911 # # |a Nguyễn Thanh Hương 
925 # # |a G 
926 # # |a A 
927 # # |a SH 
980 # # |a Thư viện Trường Đại học Đà Lạt